Statistics for Disney Originals Actors & Actresses

Click here to take the quiz!

General Stats

  • This quiz has been taken 8 times
  • The average score is 3 of 26

Answer Stats

HintAnswer% Correct
Hannah MontanaMiley Cyrus
100%
Alex RussoSelena Gomez
75%
Robby Ray StewartBilly Ray Cyrus
38%
Lizzie McGuireHilary Duff
25%
Raven BaxterRaven Symone
25%
David 'Gordo' GordonAdam Lamberg
0%
Chelsea DanielsAnneliese van der Pol
0%
Kate SandersAshlie Brillault
0%
Ethan CraftClayton Snyder
0%
Jerry RussoDavid DeLuise
0%
Justin RussoDavid Henrie
0%
Lilly TruscottEmily Osment
0%
Jo McGuireHallie Todd
0%
Max RussoJake T. Austin
0%
Matt McGuireJake Thomas
0%
Jackson StewartJason Earles
0%
Harper FinkleJennifer Stone
0%
Cory BaxterKyle Massey
0%
Miranda SanchezLalaine
0%
Theresa RussoMaria Canals Barrera
0%
Oliver OkenMitchel Musso
0%
Rico SuaveMoises Arias
0%
Eddie ThomasOrlando Brown
0%
Sam McGuireRobert Carradine
0%
Victor BaxterRondell Sheridan
0%
Tonya BaxterT'Keyah Crystal Keymah
0%

Score Distribution

Percentile by Number Answered

Percent of People with Each Score

Your Score History

You have not taken this quiz